ბათუმის შოთა რუსთაველის სახელმწიფო უნივერსიტეტის ბიბლიოთეკა

მჟავანაძეები. (ბიბ.ჩანაწერი № 40680)

000 -LEADER
fixed length control field 00764nam a2200229Ia 4500
001 - CONTROL NUMBER
control field 7315
003 - CONTROL NUMBER IDENTIFIER
control field GE_BSU
008 - FIXED-LENGTH DATA ELEMENTS--GENERAL INFORMATION
fixed length control field 181216s||||||||xx |||||||||||||| ||und||
020 ## - INTERNATIONAL STANDARD BOOK NUMBER
International Standard Book Number 9789941929779
040 ## - CATALOGING SOURCE
Transcribing agency GE_BSU
080 ## - UNIVERSAL DECIMAL CLASSIFICATION NUMBER
Universal Decimal Classification number 94(479.223)+929.52(479.223)
100 ## - MAIN ENTRY--PERSONAL NAME
Personal name სურმანიძე რამაზ
245 ## - TITLE STATEMENT
Title მჟავანაძეები.
245 ## - TITLE STATEMENT
Remainder of title ისტორიულ–გენეალოგიური ნარკვევები
245 ## - TITLE STATEMENT
Statement of responsibility, etc. რედ.: შაქრო მჟავანაძე.
260 ## - PUBLICATION, DISTRIBUTION, ETC.
Place of publication, distribution, etc. თბილისი.
260 ## - PUBLICATION, DISTRIBUTION, ETC.
Name of publisher, distributor, etc. ივერიონი.
260 ## - PUBLICATION, DISTRIBUTION, ETC.
Date of publication, distribution, etc. 2013.
300 ## - PHYSICAL DESCRIPTION
Extent 225 გვ.; ილ.; 23 სმ.
653 ## - INDEX TERM--UNCONTROLLED
Uncontrolled term მჟავანაძეები.
942 ## - ADDED ENTRY ELEMENTS (KOHA)
Koha item type წიგნი
ეგზემპლარები
Withdrawn status Lost status Damaged status Not for loan Date acquired Barcode Date last seen Price effective from Koha item type
        2018-12-17 18677 2018-12-17 2018-12-17 წიგნი